[Event "SVK-chT2C 2324"]
[Site "Slovakia"]
[Date "2024.03.17"]
[Round "11.5"]
[White "Baleja, Marian"]
[Black "Hangay, Oliver"]
[Result "0-1"]
[WhiteElo "1973"]
[BlackElo "1941"]
[PlyCount "44"]
[EventDate "2023.10.07"]
[EventType "team-tourn"]
[EventRounds "11"]
[EventCountry "SVK"]
[SourceTitle "EXT 2025"]
[Source "ChessBase"]
[SourceDate "2024.10.14"]
[SourceVersion "1"]
[SourceVersionDate "2024.10.14"]
[SourceQuality "1"]
[WhiteTeam "Martin Medea"]
[BlackTeam "Cebovce II"]
[WhiteTeamCountry "SVK"]
[BlackTeamCountry "SVK"]

1. e4 e5 2. Nf3 Nc6 3. d4 exd4 4. Nxd4 Nf6 5. Nxc6 bxc6 6. Bd3 Bb4+ 7. Nd2 0-0 8. c3 Be7 9. e5 Nd5 10. Qc2 h6 11. Nf3 d6 12. 0-0 Bg4 13. Nd4 Qd7 14. Re1 Rfe8 15. f3 Be6 16. f4 dxe5 17. f5 exd4 18. fxe6 fxe6 19. Bh7+ Kh8 20. cxd4 Bf6 21. Qe4 Bxd4+ 22. Kh1 Nf6 0-1

[Event "SVK-chT2C 2324"]
[Site "Slovakia"]
[Date "2023.12.03"]
[Round "6.6"]
[White "Mikusiak, Andrej"]
[Black "Baleja, Marian"]
[Result "0-1"]
[WhiteElo "1743"]
[BlackElo "1955"]
[PlyCount "70"]
[EventDate "2023.10.07"]
[EventType "team-tourn"]
[EventRounds "11"]
[EventCountry "SVK"]
[SourceTitle "EXT 2025"]
[Source "ChessBase"]
[SourceDate "2024.10.14"]
[SourceVersion "1"]
[SourceVersionDate "2024.10.14"]
[SourceQuality "1"]
[WhiteTeam "Ondrasova Krivan"]
[BlackTeam "Martin Medea"]
[WhiteTeamCountry "SVK"]
[BlackTeamCountry "SVK"]

1. Nf3 d5 2. c3 c5 3. d4 cxd4 4. cxd4 Nc6 5. Nc3 Nf6 6. a3 Bf5 7. Bf4 e6 8. Qb3 Qd7 9. e3 Be7 10. Bb5 0-0 11. Ne5 Na5 12. Qa4 Qd8 13. 0-0 a6 14. Be2 Rc8 15. Rfc1 b5 16. Qd1 Nc4 17. Ra2 Nd7 18. Nxd7 Qxd7 19. Bd3 Bxd3 20. Qxd3 Nxb2 21. Rxb2 Bxa3 22. Rcc2 Bxb2 23. Rxb2 Qc6 24. Nd1 Qb6 25. Rc2 b4 26. e4 Rxc2 27. Qxc2 Qxd4 28. Bd6 Rd8 29. e5 a5 30. Ne3 Qa1+ 31. Nf1 Qc3 32. Qa4 b3 33. Qb5 b2 34. Qb6 Rc8 35. g3 Qc2 0-1

[Event "SVK-chT1E 2122"]
[Site "Slovakia"]
[Date "2022.02.27"]
[Round "5.4"]
[White "Baleja, Marian"]
[Black "Endresz, Pavol"]
[Result "0-1"]
[WhiteElo "1946"]
[BlackElo "2118"]
[PlyCount "56"]
[EventDate "2022.01.29"]
[EventType "team-tourn"]
[EventRounds "11"]
[EventCountry "SVK"]
[SourceTitle "EXT 2023"]
[Source "ChessBase"]
[SourceDate "2022.10.05"]
[SourceVersion "1"]
[SourceVersionDate "2022.10.05"]
[SourceQuality "1"]
[WhiteTeam "Dunajov Inbest II"]
[BlackTeam "Presov Tatran Dason"]
[WhiteTeamCountry "SVK"]
[BlackTeamCountry "SVK"]

1. e4 c5 2. Nc3 Nc6 3. f4 g6 4. Nf3 Bg7 5. Bb5 Nd4 6. a4 e6 7. e5 a6 8. Bd3 d6 9. Ne4 Nxf3+ 10. Qxf3 dxe5 11. Nxc5 Qc7 12. Nxa6 Rxa6 13. Bxa6 bxa6 14. 0-0 Bb7 15. Qc3 Qb6+ 16. Kh1 Ne7 17. d3 0-0 18. Qe1 Qc6 19. Qe2 Nf5 20. Rf2 exf4 21. Rxf4 Nd4 22. Qf1 Qxc2 23. Be3 Nf5 24. Rf2 Qb3 25. Qe2 Rc8 26. Ra3 Qb4 27. Rf4 Qxb2 28. Qxb2 Bxb2 0-1

[Event "SVK-chT2C 2122"]
[Site "Slovakia"]
[Date "2022.02.06"]
[Round "4.4"]
[White "Baleja, Marian"]
[Black "Listiak, Juraj"]
[Result "1-0"]
[WhiteElo "1946"]
[BlackElo "1927"]
[PlyCount "73"]
[EventDate "2021.10.16"]
[EventType "team-tourn"]
[EventRounds "11"]
[EventCountry "SVK"]
[SourceTitle "EXT 2023"]
[Source "ChessBase"]
[SourceDate "2022.10.05"]
[SourceVersion "1"]
[SourceVersionDate "2022.10.05"]
[SourceQuality "1"]
[WhiteTeam "Martin Medea"]
[BlackTeam "Banska Bystrica Kurta"]
[WhiteTeamCountry "SVK"]
[BlackTeamCountry "SVK"]

1. e4 e6 2. d4 d5 3. exd5 exd5 4. Nf3 Bd6 5. c4 c6 6. Nc3 Ne7 7. Be2 0-0 8. h3 Nd7 9. cxd5 Nxd5 10. 0-0 Nf4 11. Bxf4 Bxf4 12. d5 Nb6 13. dxc6 bxc6 14. Qc2 Qc7 15. Bd3 g6 16. Ne4 f6 17. Nd4 Bd7 18. Nc5 Rae8 19. Rfe1 Be5 20. Nf3 Bf4 21. Rad1 Bc8 22. Qb3+ Kg7 23. Nd4 Be5 24. Nde6+ Bxe6 25. Nxe6+ Rxe6 26. Qxe6 Bxb2 27. h4 c5 28. Bc4 Bd4 29. Re4 Nd7 30. Qe7+ Kh6 31. Be6 Rd8 32. Rexd4 cxd4 33. Rxd4 Qc1+ 34. Kh2 Qc5 35. Qxc5 Nxc5 36. Rxd8 Nxe6 37. Ra8 1-0

[Event "SVK-chT1E 2122"]
[Site "Slovakia"]
[Date "2022.01.29"]
[Round "1.4"]
[White "Jurov, Pavol"]
[Black "Baleja, Marian"]
[Result "1/2-1/2"]
[WhiteElo "1938"]
[BlackElo "1946"]
[PlyCount "139"]
[EventDate "2022.01.29"]
[EventType "team-tourn"]
[EventRounds "11"]
[EventCountry "SVK"]
[SourceTitle "EXT 2023"]
[Source "ChessBase"]
[SourceDate "2022.10.05"]
[SourceVersion "1"]
[SourceVersionDate "2022.10.05"]
[SourceQuality "1"]
[WhiteTeam "Humenne Reinter II"]
[BlackTeam "Dunajov Inbest II"]
[WhiteTeamCountry "SVK"]
[BlackTeamCountry "SVK"]

1. c4 c6 2. d4 d5 3. Nc3 dxc4 4. a4 e5 5. e3 exd4 6. exd4 Be6 7. Nf3 Na6 8. Be2 Nf6 9. 0-0 Be7 10. Ng5 Bd5 11. Nxd5 cxd5 12. b3 Rc8 13. bxc4 dxc4 14. Bf3 Qd7 15. Rb1 Nb4 16. a5 0-0 17. Ne4 Nfd5 18. Nc5 Bxc5 19. dxc5 Nd3 20. Ba3 Rfd8 21. Bg4 f5 22. Be2 Nc3 23. Qc2 Nxe2+ 24. Qxe2 Qd5 25. Qe3 Re8 26. Qd2 f4 27. Qc3 Nxc5 28. Bxc5 Rxc5 29. Rfd1 Qe5 30. Qb4 Rc7 31. Re1 Qh5 32. Qd6 Rc6 33. Rxe8+ Qxe8 34. Qxf4 c3 35. g3 c2 36. Rc1 Qd8 37. Kg2 h6 38. Qf3 Kh8 39. Qb3 Qc7 40. h4 b6 41. axb6 axb6 42. Qd5 Rc4 43. Kf1 Qc6 44. Qxc6 Rxc6 45. Ke2 Kh7 46. Kd3 Kg6 47. Rxc2 Rxc2 48. Kxc2 Kf5 49. f3 Ke5 50. Kc3 Kd5 51. Kd3 b5 52. Kc3 b4+ 53. Kxb4 Kd4 54. g4 g5 55. hxg5 hxg5 56. f4 gxf4 57. g5 Ke5 58. Kc3 Kf5 59. g6 Kxg6 60. Kd3 Kh5 61. Ke2 Kg4 62. Kf2 f3 63. Kf1 Kg3 64. Kg1 Kf4 65. Kf2 Ke4 66. Kf1 Ke5 67. Kf2 Kf4 68. Kf1 Ke3 69. Ke1 f2+ 70. Kf1 1/2-1/2

[Event "SVK-ch op"]
[Site "Ruzomberok"]
[Date "2019.07.06"]
[Round "8"]
[White "Baleja, Marian"]
[Black "Farkas, Gabor"]
[Result "0-1"]
[WhiteElo "1951"]
[BlackElo "2353"]
[PlyCount "48"]
[EventDate "2019.06.29"]
[EventType "swiss"]
[EventRounds "9"]
[EventCountry "SVK"]
[SourceTitle "CBM 191 Extra"]
[Source "ChessBase"]
[SourceDate "2019.09.30"]
[SourceVersion "1"]
[SourceVersionDate "2019.09.30"]
[SourceQuality "1"]

1. e4 c5 2. Nc3 Nc6 3. g3 d6 4. Bg2 g6 5. d3 Bg7 6. Be3 Nf6 7. h3 Rb8 8. Qd2 b5 9. Nge2 b4 10. Nd1 e5 11. 0-0 0-0 12. b3 Nd4 13. Nb2 Bxh3 14. Nxd4 Bxg2 15. Kxg2 cxd4 16. Bg5 Qd7 17. Rh1 h5 18. a3 bxa3 19. Rxa3 Nh7 20. Rha1 Rb7 21. Ra5 f5 22. f3 f4 23. gxf4 Nxg5 24. fxg5 Rxf3 0-1

[Event "SVK-ch op"]
[Site "Ruzomberok"]
[Date "2019.07.04"]
[Round "6"]
[White "Baleja, Marian"]
[Black "Taragelova, Martina"]
[Result "1-0"]
[WhiteElo "1951"]
[BlackElo "1719"]
[PlyCount "99"]
[EventDate "2019.06.29"]
[EventType "swiss"]
[EventRounds "9"]
[EventCountry "SVK"]
[SourceTitle "CBM 191 Extra"]
[Source "ChessBase"]
[SourceDate "2019.09.30"]
[SourceVersion "1"]
[SourceVersionDate "2019.09.30"]
[SourceQuality "1"]

1. e4 e6 2. d4 d5 3. Nc3 Nf6 4. Bg5 Bb4 5. e5 h6 6. Bd2 Bxc3 7. Bxc3 Ne4 8. Bb4 c5 9. Bxc5 Nxc5 10. dxc5 Qa5+ 11. Qd2 Qxc5 12. Nf3 Nc6 13. c3 a5 14. Bd3 Bd7 15. 0-0 0-0 16. Bc2 Rfc8 17. Rac1 b5 18. Rfe1 Qb6 19. Qd3 g6 20. Nh4 Be8 21. Qd2 Kh7 22. Qf4 b4 23. Re3 Ne7 24. Rh3 Ng8 25. Qd2 bxc3 26. Rxc3 Rxc3 27. Qxc3 Qb4 28. Qxb4 axb4 29. Bb1 Ne7 30. Rc7 Rc8 31. Bxg6+ Kg8 32. Rxc8 Nxc8 33. Bd3 Nb6 34. b3 Kf8 35. Nf3 Nd7 36. Kf1 Nc5 37. Ke2 Ke7 38. Nd4 f6 39. f4 fxe5 40. fxe5 Bh5+ 41. Ke3 Kd7 42. Nc2 Nxd3 43. Kxd3 Bg6+ 44. Kd2 Bxc2 45. Kxc2 Ke7 46. g4 Kf7 47. h4 Kg6 48. Kd3 h5 49. g5 Kf5 50. Kd4 1-0

[Event "Stara Lubovna op"]
[Site "Stara Lubovna"]
[Date "2017.05.07"]
[Round "6"]
[White "Tropp, Frantisek"]
[Black "Baleja, Marian"]
[Result "1-0"]
[WhiteElo "2128"]
[BlackElo "1972"]
[PlyCount "63"]
[EventDate "2017.05.05"]
[EventType "swiss"]
[EventRounds "7"]
[EventCountry "SVK"]
[SourceTitle "CBM 178 Extra"]
[Source "ChessBase"]
[SourceDate "2017.06.22"]
[SourceVersion "1"]
[SourceVersionDate "2017.06.22"]
[SourceQuality "1"]

1. Nf3 d5 2. d4 Nf6 3. Bf4 Bf5 4. e3 e6 5. Bd3 Bxd3 6. Qxd3 a6 7. 0-0 c5 8. c4 Nc6 9. Nc3 cxd4 10. exd4 dxc4 11. Qxc4 Na5 12. Qa4+ b5 13. Qd1 Be7 14. Qe2 0-0 15. Rfd1 Nd5 16. Nxd5 Qxd5 17. b3 Nc6 18. Rac1 Rac8 19. Rc2 Nb4 20. Rcd2 Qb7 21. Ne5 Nd5 22. Qg4 Nf6 23. Qh3 Ne4 24. Rd3 Rc2 25. Be3 Nc3 26. Rf1 Nxa2 27. Bh6 Qe4 28. Bxg7 Kxg7 29. Rg3+ Kh8 30. Qh6 Qg6 31. Nxg6+ fxg6 32. Rxg6 1-0

[Event "SVK-chT2C 1617"]
[Site "Slovakia"]
[Date "2016.11.05"]
[Round "3.5"]
[White "Adamcik, Robert"]
[Black "Baleja, Marian"]
[Result "0-1"]
[WhiteElo "2026"]
[BlackElo "1962"]
[PlyCount "56"]
[EventDate "2016.10.08"]
[EventType "team-tourn"]
[EventRounds "11"]
[EventCountry "SVK"]
[SourceTitle "CBM 175 Extra"]
[Source "ChessBase"]
[SourceDate "2016.12.12"]
[SourceVersion "1"]
[SourceVersionDate "2016.12.12"]
[SourceQuality "1"]
[WhiteTeam "Cadca Caissa"]
[BlackTeam "Martin Medea"]
[WhiteTeamCountry "SVK"]
[BlackTeamCountry "SVK"]

1. d4 d5 2. Nf3 Nf6 3. Bf4 Bf5 4. g3 e6 5. Bg2 c5 6. 0-0 Nc6 7. e3 Qb6 8. b3 cxd4 9. exd4 Be7 10. c4 dxc4 11. bxc4 0-0 12. Nc3 Rfd8 13. Be3 Qb4 14. Qc1 Qxc4 15. Ne5 Qa6 16. Nxc6 bxc6 17. Rd1 Ba3 18. Qd2 Rab8 19. Bf1 Qa5 20. Ne4 Qxd2 21. Nxf6+ gxf6 22. Bxd2 Bb2 23. Ba5 Rd5 24. Be1 Bxa1 25. Rxa1 Rb2 26. Bg2 Rd6 27. Bc3 Rb1+ 28. Rxb1 Bxb1 0-1

[Event "SVK-ch op"]
[Site "Banska Stiavnica"]
[Date "2015.07.12"]
[Round "9"]
[White "Haring, Viktor"]
[Black "Baleja, Marian"]
[Result "1-0"]
[WhiteElo "2249"]
[BlackElo "1978"]
[PlyCount "65"]
[EventDate "2015.07.04"]
[EventType "swiss"]
[EventRounds "9"]
[EventCountry "SVK"]
[SourceTitle "CBM 167 Extra"]
[Source "ChessBase"]
[SourceDate "2015.09.14"]
[SourceVersion "1"]
[SourceVersionDate "2015.09.14"]
[SourceQuality "1"]

1. e4 d5 2. exd5 Nf6 3. c4 c6 4. d4 cxd5 5. Nc3 g6 6. cxd5 Bg7 7. Qb3 0-0 8. Nge2 Na6 9. g3 b6 10. Bg2 Bb7 11. 0-0 Nc7 12. d6 Bxg2 13. dxc7 Qxc7 14. Kxg2 Rfd8 15. d5 Qb7 16. Rd1 Rd7 17. Bg5 e6 18. Bxf6 Bxf6 19. Kg1 exd5 20. Nxd5 Bg7 21. Qf3 Kh8 22. Nec3 Rad8 23. Rd2 b5 24. Rad1 b4 25. Ne2 a5 26. Nef4 h5 27. Re2 Bh6 28. Rde1 Bxf4 29. Qxf4 Kg7 30. Qf6+ Kh6 31. Re8 Rxd5 32. Rxd8 Rf5 33. Rh8# 1-0

[Event "SVK-ch op"]
[Site "Banska Stiavnica"]
[Date "2015.07.09"]
[Round "6"]
[White "Sucikova, Svetlana"]
[Black "Baleja, Marian"]
[Result "0-1"]
[WhiteElo "2084"]
[BlackElo "1978"]
[PlyCount "94"]
[EventDate "2015.07.04"]
[EventType "swiss"]
[EventRounds "9"]
[EventCountry "SVK"]
[SourceTitle "CBM 167 Extra"]
[Source "ChessBase"]
[SourceDate "2015.09.14"]
[SourceVersion "1"]
[SourceVersionDate "2015.09.14"]
[SourceQuality "1"]

1. Nf3 d5 2. g3 Nf6 3. Bg2 Bf5 4. 0-0 e6 5. d3 c5 6. Nbd2 Nc6 7. Re1 Be7 8. h3 h6 9. Nh2 Qc7 10. e4 dxe4 11. dxe4 Bg6 12. c3 0-0 13. Qe2 e5 14. Nhf1 Bh5 15. Qe3 b5 16. f4 exf4 17. gxf4 Rad8 18. Ng3 Bg6 19. Nf3 c4 20. Kh1 Rd3 21. Qe2 Bc5 22. e5 Nh5 23. Nxh5 Bxh5 24. Qe4 f5 25. exf6 Rxf6 26. a4 Bg6 27. Qe2 b4 28. cxb4 Bxb4 29. Rf1 Bf5 30. b3 Re6 31. Qf2 cxb3 32. Bb2 Rde3 33. Ne5 Bc5 34. Qd2 Nxe5 35. Bxe5 Qb6 36. a5 Qb4 37. Qd8+ Kh7 38. Kh2 b2 39. Rab1 Re2 40. Qd5 Be4 41. Rxb2 Bxd5 42. Rxe2 Bxg2 43. Rxg2 Rg6 44. Rb2 Qxa5 45. f5 Rg5 46. Bg3 Rxg3 47. Kxg3 Qc3+ 0-1

[Event "SVK-ch op"]
[Site "Banska Stiavnica"]
[Date "2015.07.07"]
[Round "4"]
[White "Holtman, Teodor"]
[Black "Baleja, Marian"]
[Result "1-0"]
[WhiteElo "2155"]
[BlackElo "1978"]
[PlyCount "55"]
[EventDate "2015.07.04"]
[EventType "swiss"]
[EventRounds "9"]
[EventCountry "SVK"]
[SourceTitle "CBM 167 Extra"]
[Source "ChessBase"]
[SourceDate "2015.09.14"]
[SourceVersion "1"]
[SourceVersionDate "2015.09.14"]
[SourceQuality "1"]

1. e4 c6 2. Nc3 d5 3. Nf3 Bg4 4. h3 Bxf3 5. Qxf3 e6 6. g3 Nf6 7. Bg2 Be7 8. 0-0 0-0 9. d3 Nbd7 10. Qe2 d4 11. Nb1 e5 12. Nd2 b5 13. f4 c5 14. Nf3 Bd6 15. Nh4 Rc8 16. a4 a6 17. axb5 axb5 18. Ra6 Nb8 19. Rxd6 Qxd6 20. Nf5 Qe6 21. fxe5 Qxe5 22. Bf4 Qe6 23. Bd6 Rfe8 24. e5 Nc6 25. Nxg7 Kxg7 26. Rxf6 Qd7 27. Qh5 Re6 28. Be4 1-0

[Event "SVK-ch op"]
[Site "Banska Stiavnica"]
[Date "2015.07.04"]
[Round "1"]
[White "Baleja, Marian"]
[Black "Sevcikova, Lucia"]
[Result "1-0"]
[WhiteElo "1978"]
[BlackElo "1286"]
[PlyCount "39"]
[EventDate "2015.07.04"]
[EventType "swiss"]
[EventRounds "9"]
[EventCountry "SVK"]
[SourceTitle "CBM 167 Extra"]
[Source "ChessBase"]
[SourceDate "2015.09.14"]
[SourceVersion "1"]
[SourceVersionDate "2015.09.14"]
[SourceQuality "1"]

1. e4 c6 2. c4 d5 3. cxd5 cxd5 4. exd5 Nf6 5. Bb5+ Bd7 6. Bc4 Bf5 7. Nc3 Nbd7 8. Nge2 Nb6 9. Qb3 Qc7 10. d3 0-0-0 11. Nb5 Qb8 12. Bf4 e5 13. dxe6 Qa8 14. Rc1 Bc5 15. exf7 Nbd7 16. Nd6+ Kc7 17. Nxf5+ Kc8 18. Ne7+ Bxe7 19. Be6+ Bc5 20. Rxc5# 1-0

[Event "Frydek Mistek op"]
[Site "Frydek Mistek"]
[Date "2015.04.05"]
[Round "8"]
[White "Vanek, Ladislav"]
[Black "Baleja, Marian"]
[Result "1/2-1/2"]
[WhiteElo "2184"]
[BlackElo "1917"]
[PlyCount "151"]
[EventDate "2015.04.02"]
[EventType "swiss"]
[EventRounds "9"]
[EventCountry "CZE"]
[SourceTitle "CBM 165 Extra"]
[Source "ChessBase"]
[SourceDate "2015.04.21"]
[SourceVersion "1"]
[SourceVersionDate "2015.04.21"]
[SourceQuality "1"]

1. d4 d5 2. c4 c6 3. Nc3 Nf6 4. Nf3 dxc4 5. a4 Bf5 6. e3 e6 7. Bxc4 Bb4 8. 0-0 0-0 9. Qe2 Bxc3 10. bxc3 Ne4 11. Ba3 Re8 12. Qb2 Qb6 13. Rfd1 Nd7 14. Nh4 Qxb2 15. Bxb2 Nd6 16. Bb3 Be4 17. Ba3 Nf5 18. Nxf5 Bxf5 19. f3 e5 20. Kf2 exd4 21. cxd4 Be6 22. Bxe6 Rxe6 23. Rab1 b6 24. Rbc1 Rh6 25. h3 f5 26. Rc3 Kf7 27. Rdc1 Rc8 28. R1c2 Nb8 29. a5 Rc7 30. axb6 axb6 31. e4 fxe4 32. fxe4 Rf6+ 33. Ke3 Rf1 34. Bd6 Rb7 35. Bxb8 Rxb8 36. Rxc6 b5 37. Rc8 Rxc8 38. Rxc8 Rg1 39. Rc2 Kf6 40. Rb2 Re1+ 41. Re2 Ra1 42. Rb2 Re1+ 43. Kf3 Rd1 44. d5 Ke5 45. Rxb5 Rd3+ 46. Kf2 Kxe4 47. Rb7 Rxd5 48. Rxg7 h5 49. Kg3 Kf5 50. Kh4 Kf6 51. Rb7 Kg6 52. Rb6+ Kh7 53. Rb4 Kg6 54. Kg3 Rd3+ 55. Kf4 h4 56. Rb8 Rd4+ 57. Ke5 Ra4 58. Rg8+ Kh5 59. Rd8 Ra2 60. Ke4 Ra4+ 61. Rd4 Ra2 62. Kf3 Ra3+ 63. Kf4 Rg3 64. Rd8 Kh6 65. Rh8+ Kg7 66. Rxh4 Rxg2 67. Rg4+ Rxg4+ 68. hxg4 Kf6 69. g5+ Kg6 70. Kg4 Kg7 71. Kf5 Kf7 72. g6+ Kg7 73. Kg5 Kg8 74. Kf6 Kf8 75. g7+ Kg8 76. Kg6 1/2-1/2

[Event "Martin op"]
[Site "Martin"]
[Date "2011.11.18"]
[Round "4"]
[White "Repka, Christopher"]
[Black "Baleja, Marian"]
[Result "1-0"]
[WhiteElo "2129"]
[BlackElo "1934"]
[PlyCount "33"]
[EventDate "2011.11.16"]
[EventType "swiss"]
[EventRounds "7"]
[EventCountry "SVK"]
[SourceTitle "EXT 2012"]
[Source "ChessBase"]
[SourceDate "2011.11.24"]
[SourceVersion "1"]
[SourceVersionDate "2011.11.24"]
[SourceQuality "1"]

1. Nf3 Nf6 2. d4 d5 3. Bf4 c6 4. e3 Bg4 5. h3 Bh5 6. g4 Bg6 7. Ne5 Qa5+ 8. c3 e6 9. Nd2 Be7 10. h4 h5 11. Nxg6 fxg6 12. g5 Nfd7 13. Bd3 Nf8 14. Qc2 Na6 15. Bxg6+ Kd7 16. Nf3 Nxg6 17. Qxg6 1-0

[Event "Martin op"]
[Site "Martin"]
[Date "2011.11.17"]
[Round "2"]
[White "Remen, Igor"]
[Black "Baleja, Marian"]
[Result "0-1"]
[WhiteElo "1698"]
[BlackElo "1934"]
[PlyCount "80"]
[EventDate "2011.11.16"]
[EventType "swiss"]
[EventRounds "7"]
[EventCountry "SVK"]
[SourceTitle "EXT 2012"]
[Source "ChessBase"]
[SourceDate "2011.11.24"]
[SourceVersion "1"]
[SourceVersionDate "2011.11.24"]
[SourceQuality "1"]

1. d4 d5 2. c4 c6 3. Nc3 a6 4. e4 dxc4 5. Bxc4 e6 6. Nf3 b5 7. Bb3 Nf6 8. a3 Bb7 9. Bc2 c5 10. h3 cxd4 11. Qxd4 Qc7 12. Be3 Nbd7 13. 0-0 Bc5 14. Qd3 Rd8 15. Qe2 e5 16. Rac1 Qb8 17. Rfd1 0-0 18. Bxc5 Nxc5 19. Qe3 Ne6 20. g3 Qa8 21. Nxe5 Rxd1+ 22. Rxd1 Re8 23. f3 h6 24. Ng4 Nh7 25. Kf2 h5 26. Ne5 h4 27. gxh4 Qb8 28. Ng4 Nf4 29. Rd4 Nxh3+ 30. Kf1 Qg3 31. h5 N7g5 32. Bd1 f5 33. Bb3+ Kh8 34. Nf2 f4 35. Nh1 Qh4 36. Qe2 Qxh5 37. Bd1 Qg6 38. Qg2 Qc6 39. Rd3 Re6 40. Nf2 Rh6 0-1

[Event "Martin op"]
[Site "Martin"]
[Date "2011.11.16"]
[Round "1"]
[White "Baleja, Marian"]
[Black "Kislinsky, Alexey"]
[Result "0-1"]
[WhiteElo "1934"]
[BlackElo "2529"]
[PlyCount "82"]
[EventDate "2011.11.16"]
[EventType "swiss"]
[EventRounds "7"]
[EventCountry "SVK"]
[SourceTitle "EXT 2012"]
[Source "ChessBase"]
[SourceDate "2011.11.24"]
[SourceVersion "1"]
[SourceVersionDate "2011.11.24"]
[SourceQuality "1"]

1. e4 c5 2. d4 cxd4 3. c3 Nf6 4. e5 Nd5 5. Nf3 Nc6 6. Bc4 Nb6 7. Bb3 g6 8. 0-0 Bg7 9. Bf4 0-0 10. Qd2 d6 11. exd6 e5 12. Bh6 Qxd6 13. Bxg7 Kxg7 14. cxd4 exd4 15. Na3 Bg4 16. Nb5 Qf6 17. Ne1 Rae8 18. f3 Bf5 19. Rd1 d3 20. Nxd3 Rd8 21. Bc2 Bxd3 22. Bxd3 Nc4 23. Bxc4 Rxd2 24. Rxd2 Qf4 25. Rc2 a6 26. Na3 Nd4 27. Rcf2 Rc8 28. Bd5 b5 29. Bb7 Rc5 30. Bxa6 Qe3 31. h3 Ne2+ 32. Kh2 Qf4+ 33. Kh1 Ng3+ 34. Kg1 Nxf1 35. Rxf1 b4 36. Nc4 Qf6 37. b3 Qxa6 38. Rf2 Rd5 39. Ne3 Rd3 40. Nc2 Rd1+ 41. Kh2 Qxa2 0-1

[Event "Torino Alfieri op-B"]
[Site "Torino"]
[Date "2010.05.22"]
[Round "2"]
[White "Baleja, Marian"]
[Black "Biancotti, Alessandro"]
[Result "1-0"]
[WhiteElo "1917"]
[BlackElo "1886"]
[PlyCount "95"]
[EventDate "2010.05.04"]
[EventType "tourn"]
[EventRounds "7"]
[EventCountry "ITA"]
[SourceTitle "EXT 2024"]
[Source "ChessBase"]
[SourceDate "2023.10.10"]
[SourceVersion "1"]
[SourceVersionDate "2023.10.10"]
[SourceQuality "1"]

1. e4 c5 2. d4 cxd4 3. c3 dxc3 4. Nxc3 Nc6 5. Nf3 e6 6. Bc4 a6 7. 0-0 Nge7 8. Qe2 Ng6 9. Rd1 Be7 10. a3 b5 11. Ba2 Qc7 12. Be3 0-0 13. Rac1 Bb7 14. Ng5 Rad8 15. Qh5 h6 16. Nxf7 Kxf7 17. Qf5+ Bf6 18. f4 Nge7 19. Qh5+ g6 20. Qh3 h5 21. f5 Bc8 22. Nd5 Qe5 23. Nxf6 Kxf6 24. Bd2 Qxe4 25. Bb1 Qg4 26. Bc3+ e5 27. Rd6+ Kf7 28. fxg6+ Kg7 29. Qe3 Qf4 30. Qe1 Nf5 31. Rxc6 Nd4 32. Bd2 Qg4 33. Qxe5+ Kg8 34. Ba2+ Ne6 35. R6c3 Bb7 36. Rg3 Qe4 37. Qxh5 Qd4+ 38. Be3 Qg7 39. Bd2 Rc8 40. Bc3 Rxc3 41. Rgxc3 d5 42. Bxd5 Bxd5 43. Qxd5 Qf6 44. Rf3 Qe7 45. Rxf8+ Kxf8 46. Re1 Qa7+ 47. Kh1 Qf2 48. Qxe6 1-0

[Event "SVK-chT2C 0809"]
[Site "Slovakia"]
[Date "2009.02.01"]
[Round "9.6"]
[White "Baleja, Marian"]
[Black "Gajdosik, Andrej"]
[Result "1/2-1/2"]
[WhiteElo "1940"]
[BlackElo "1935"]
[PlyCount "76"]
[EventDate "2008.10.11"]
[EventType "team-tourn"]
[EventRounds "11"]
[EventCountry "SVK"]
[SourceTitle "EXT 2010"]
[Source "ChessBase"]
[SourceDate "2010.11.25"]
[SourceVersion "1"]
[SourceVersionDate "2010.11.25"]
[SourceQuality "1"]
[WhiteTeam "Martin Medea"]
[BlackTeam "Zilina Mladost juniors"]
[WhiteTeamCountry "SVK"]
[BlackTeamCountry "SVK"]

1. e4 c5 2. d4 cxd4 3. c3 Nc6 4. Nf3 d5 5. exd5 Qxd5 6. cxd4 Bg4 7. Be2 e6 8. 0-0 Nf6 9. Nc3 Qa5 10. a3 Be7 11. Be3 Nd5 12. Ne4 Nxe3 13. fxe3 0-0 14. b4 Qb6 15. Nfg5 Bxe2 16. Qxe2 h6 17. Nh3 a6 18. Nf4 Qd8 19. Nh5 f5 20. Nc5 Bxc5 21. bxc5 Qd5 22. Nf4 Qe4 23. Rfe1 Rae8 24. Qc4 Kh7 25. Nh3 Ne5 26. Qb3 Ng4 27. Rad1 Re7 28. Qd3 Qxd3 29. Rxd3 Rd8 30. Nf2 Nxf2 31. Kxf2 Rc7 32. Ke2 Rd5 33. Rb1 e5 34. Kd2 f4 35. dxe5 fxe3+ 36. Kxe3 Rxe5+ 37. Kd4 Rexc5 38. Rxb7 Rc4+ 1/2-1/2

[Event "SVK-chT2C 0809"]
[Site "Slovakia"]
[Date "2009.01.31"]
[Round "8.5"]
[White "Rzeszoto, Rastislav"]
[Black "Baleja, Marian"]
[Result "0-1"]
[WhiteElo "1954"]
[BlackElo "1940"]
[PlyCount "69"]
[EventDate "2008.10.11"]
[EventType "team-tourn"]
[EventRounds "11"]
[EventCountry "SVK"]
[SourceTitle "EXT 2010"]
[Source "ChessBase"]
[SourceDate "2010.11.25"]
[SourceVersion "1"]
[SourceVersionDate "2010.11.25"]
[SourceQuality "1"]
[WhiteTeam "Zilina Mladost II"]
[BlackTeam "Martin Medea"]
[WhiteTeamCountry "SVK"]
[BlackTeamCountry "SVK"]

1. d4 Nf6 2. Bg5 d5 3. c4 Ne4 4. Bh4 c5 5. Nc3 cxd4 6. Qxd4 Nxc3 7. Qxc3 dxc4 8. Rd1 Qc7 9. Bg3 Qc5 10. b4 Qc6 11. Qd4 Nd7 12. e4 e5 13. Bxe5 Bxb4+ 14. Ke2 f6 15. Bf4 b5 16. g3 0-0 17. Bh3 Nb6 18. f3 Bc5 19. Qd2 b4 20. Kf1 a5 21. Kg2 c3 22. Qc2 Ba6 23. Bf5 g6 24. Bg4 Rfd8 25. Ne2 Nc4 26. Nc1 h5 27. Bh3 g5 28. e5 Nxe5 29. Bxe5 fxe5 30. Qf5 Be7 31. Qxe5 Bb7 32. Be6+ Kh7 33. Qf5+ Kh6 34. h4 g4 35. Qf4+ 0-1

[Event "SVK-chT3C 0001"]
[Site "Slovakia"]
[Date "2001.??.??"]
[Round "9"]
[White "Baleja, Marian"]
[Black "Galvanek, Ladislav"]
[Result "1/2-1/2"]
[WhiteElo "2056"]
[BlackElo "2091"]
[PlyCount "117"]
[EventDate "2000.??.??"]
[EventType "team-tourn"]
[EventRounds "9"]
[EventCountry "SVK"]
[SourceTitle "EXT 2002"]
[Source "ChessBase"]
[SourceDate "2001.11.25"]
[SourceVersion "1"]
[SourceVersionDate "2001.11.25"]
[SourceQuality "1"]

1. e4 Nf6 2. e5 Nd5 3. c4 Nb6 4. c5 Nd5 5. Bc4 c6 6. Qe2 g6 7. d4 Bg7 8. Bg5 h6 9. Bh4 0-0 10. Qe4 Qe8 11. Bxd5 cxd5 12. Qxd5 Nc6 13. Ne2 d6 14. cxd6 Be6 15. d7 Qd8 16. Qc5 Qxd7 17. 0-0 g5 18. Bg3 Rac8 19. Nbc3 Nxe5 20. Qxa7 Nc4 21. b3 Ra8 22. Qc5 Rfc8 23. Qb4 Na5 24. Rfd1 Nc6 25. Qb5 Ra5 26. Qb6 Ra6 27. Qb5 Ra5 28. Qd3 Nb4 29. Qd2 Rca8 30. Na4 Nd5 31. Rac1 Bf5 32. Nc5 Qb5 33. a4 Qb6 34. Nc3 Nxc3 35. Qxc3 Rc8 36. b4 Raa8 37. a5 Qc6 38. Be5 Bxe5 39. dxe5 b6 40. axb6 Qxb6 41. h3 Ra2 42. Ra1 Rc2 43. Qd4 Qb5 44. Ra7 Rc4 45. Qd5 Qxb4 46. Rxe7 Bg6 47. Nb7 Qxe7 48. Nd6 Rc1 49. Nxc8 Rxd1+ 50. Qxd1 Qxe5 51. Qd8+ Kg7 52. Ne7 Bh7 53. Nc8 Qe1+ 54. Kh2 Qxf2 55. Nd6 Qf4+ 56. Kg1 Qe3+ 57. Kh1 Qe1+ 58. Kh2 Qe5+ 59. Kh1 1/2-1/2